Investigation of Plasma Filter Influence on Ions Charge State of DC Vacuum Arc Plasma; 7 International conference on modification of materials with particle beams and plasma flows

Bibliografiset tiedot
Parent link:7 International conference on modification of materials with particle beams and plasma flows.— 2004.— [P. 16-19]
Muut tekijät: Sinebryukhov A. A., Dektyarev S. V. Sergey Valentinovich, Ryabchikov A. I. Aleksandr Ilyich, Stepanov I. B. Igor Borisovich
Yhteenveto:Title from the title-page.
At present time the Vacuum Arc Plasma Generators (VAPG) by the materials modification (plasma sputtering, ion implantation etc.) are most widely used. It is necessary to know the relative densities of the ions with various charge state in order to understand the obtained results and to choose treatment modes choice. The presented work is dedicated to the investigation of the influence of the shutter type plasma filter (PF), designed in Nuclear Physics Institute, on the charge state generated by the DC vacuum arc plasma. The investigations have been made using a new approach to the time-of-flight method realization. The experiments have been performed with cathodes of various types - both monopropellant and composite. The plasma charge state has been investigated with plasma filter operating both in passive and active modes. The influence of the plasma filter operation modes (PF with magnetic field, PF with magnetic field and bias potential and passive PF) on the plasma ions charge state for various cathode materials has been detected. The possible mechanisms of charge state changing have been discussed.
Режим доступа: из корпоративной сети ТПУ
Text files
Kieli:englanti
Julkaistu: 2004
Sarja:Beam and plasma sources
Aiheet:
Linkit:http://www.lib.tpu.ru/fulltext2/c/2004/C13/032.pdf
Aineistotyyppi: Elektroninen Kirjan osa
KOHA link:https://koha.lib.tpu.ru/cgi-bin/koha/opac-detail.pl?biblionumber=231962

MARC

LEADER 00000nla2a2200000 4500
001 231962
005 20231031203000.0
035 |a (RuTPU)RU\TPU\book\252992 
035 |a RU\TPU\book\252852 
090 |a 231962 
100 |a 20130207d2004 k y0engy50 ba 
101 0 |a eng 
102 |a RU 
105 |a y z 100zy 
135 |a drnn ---uucaa 
200 1 |a Investigation of Plasma Filter Influence on Ions Charge State of DC Vacuum Arc Plasma  |b Electronic resource  |f A. A. Sinebryukhov [et al.] 
203 |a Text  |c electronic 
225 1 |a Beam and plasma sources 
230 |a Electronic text data (1 file : 370 Kb) 
300 |a Title from the title-page. 
320 |a [References: p. 19 (6 tit.)] 
330 |a At present time the Vacuum Arc Plasma Generators (VAPG) by the materials modification (plasma sputtering, ion implantation etc.) are most widely used. It is necessary to know the relative densities of the ions with various charge state in order to understand the obtained results and to choose treatment modes choice. The presented work is dedicated to the investigation of the influence of the shutter type plasma filter (PF), designed in Nuclear Physics Institute, on the charge state generated by the DC vacuum arc plasma. The investigations have been made using a new approach to the time-of-flight method realization. The experiments have been performed with cathodes of various types - both monopropellant and composite. The plasma charge state has been investigated with plasma filter operating both in passive and active modes. The influence of the plasma filter operation modes (PF with magnetic field, PF with magnetic field and bias potential and passive PF) on the plasma ions charge state for various cathode materials has been detected. The possible mechanisms of charge state changing have been discussed. 
333 |a Режим доступа: из корпоративной сети ТПУ 
336 |a Text files 
337 |a Adobe Reader 
463 1 |0 (RuTPU)RU\TPU\book\75459  |t 7 International conference on modification of materials with particle beams and plasma flows  |o Tomsk, Russia, 25-29 July 2004  |f edited by S. Korovin, A. Ryabchikov  |v [P. 16-19]  |d 2004  |p 1 Multimedia CD-ROM 
610 1 |a физика 
610 1 |a плазма 
610 1 |a плазменные фильтры 
610 1 |a постоянный ток 
610 1 |a ионы 
610 1 |a заряды 
610 1 |a труды учёных ТПУ 
610 1 |a электронный ресурс 
701 1 |a Sinebryukhov  |b A. A. 
701 1 |a Dektyarev  |b S. V.  |c physicist  |c design engineer of Tomsk Polytechnic University  |f 1957-  |g Sergey Valentinovich  |2 stltpush  |3 (RuTPU)RU\TPU\pers\35672 
701 1 |a Ryabchikov  |b A. I.  |c Professor of Tomsk Polytechnic University, Doctor of physical and mathematical sciences  |c physicist  |f 1950-  |g Aleksandr Ilyich  |2 stltpush  |3 (RuTPU)RU\TPU\pers\30912 
701 1 |a Stepanov  |b I. B.  |c physicist  |c Head of the laboratory of Tomsk Polytechnic University, Doctor of technical sciences  |f 1968-  |g Igor Borisovich  |2 stltpush  |3 (RuTPU)RU\TPU\pers\34218 
801 1 |a RU  |b 63413507  |c 20120118 
801 2 |a RU  |b 63413507  |c 20161229  |g RCR 
856 4 |u http://www.lib.tpu.ru/fulltext2/c/2004/C13/032.pdf 
942 |c CF